| 000 | 00480nam a22001817a 4500 | ||
|---|---|---|---|
| 003 | OSt | ||
| 005 | 20260206052330.0 | ||
| 008 | 260206b |||||||| |||| 00| 0 eng d | ||
| 020 | _a971-550-009-9 | ||
| 040 |
_aDWCL- Main Lib _cOC |
||
| 082 | _aFil. 899.2113 F118 1990 | ||
| 100 | _aFabian, A.C. | ||
| 245 | _aTimawa: Isang Nobela | ||
| 260 |
_aQuezon City : _b ADMU Press, _cc1990 |
||
| 300 |
_axx, 276 p. _c18 cm. |
||
| 650 | _aFilipino fiction | ||
| 942 |
_2ddc _cBK-FIL _mFil. _n0 |
||
| 999 |
_c8308 _d8308 |
||